[Event "Porto Alegre Oncosinos op"]
[Site "Porto Alegre"]
[Date "2016.11.25"]
[Round "1"]
[White "Uema, Guilherme Palacios"]
[Black "Spritzer, Abrao Rafael"]
[Result "1-0"]
[WhiteElo "1879"]
[BlackElo "1970"]
[PlyCount "55"]
[EventDate "2016.11.25"]
[EventType "swiss"]
[EventRounds "5"]
[EventCountry "BRA"]
[SourceTitle "CBM 175 Extra"]
[Source "ChessBase"]
[SourceDate "2016.12.12"]
[SourceVersion "1"]
[SourceVersionDate "2016.12.12"]
[SourceQuality "1"]

1. f4 d5 2. Nf3 Nf6 3. e3 c5 4. b3 g6 5. Bb2 Bg7 6. Nc3 0-0 7. Rb1 Nc6 8. Bb5 Bg4 9. Bxc6 bxc6 10. h3 Bxf3 11. Qxf3 Nd7 12. e4 Nb6 13. e5 Qd7 14. 0-0 c4 15. Ne2 cxb3 16. cxb3 c5 17. Ng3 e6 18. Qg4 a5 19. f5 exf5 20. Rxf5 gxf5 21. Nxf5 f6 22. exf6 d4 23. Ne7+ Qxe7 24. fxe7 Rf6 25. Ba3 Kf7 26. Bxc5 Rg6 27. Rf1+ Bf6 28. Qxd4 1-0

[Event "Porto Alegre Oncosinos op"]
[Site "Porto Alegre"]
[Date "2015.09.07"]
[Round "7.12"]
[White "Uema, Guilherme Palacios"]
[Black "Fernandes, Ricardo Munz"]
[Result "0-1"]
[WhiteElo "1800"]
[BlackElo "1754"]
[PlyCount "100"]
[EventDate "2015.09.04"]
[EventType "swiss"]
[EventRounds "7"]
[EventCountry "BRA"]
[SourceTitle "EXT 2022"]
[Source "ChessBase"]
[SourceDate "2021.10.06"]
[SourceVersion "1"]
[SourceVersionDate "2021.10.06"]
[SourceQuality "1"]

1. e4 c6 2. d4 d5 3. Nc3 dxe4 4. Nxe4 Bf5 5. Ng3 Bg6 6. h4 h6 7. Nf3 Nd7 8. h5 Bh7 9. Bd3 Bxd3 10. Qxd3 e6 11. Bf4 Qa5+ 12. Bd2 Qc7 13. c4 Ngf6 14. Bc3 c5 15. 0-0-0 cxd4 16. Nxd4 a6 17. Kb1 Be7 18. Nb3 Rc8 19. Ne4 Nxe4 20. Qxe4 Nf6 21. Qf3 Qxc4 22. Qxb7 Qe4+ 23. Qxe4 Nxe4 24. Bxg7 Rg8 25. Bd4 Rxg2 26. Rhg1 Rxg1 27. Rxg1 Bf6 28. Rg8+ Kd7 29. Rxc8 Kxc8 30. f3 Bxd4 31. fxe4 Bb6 32. Kc2 Kd7 33. Kd3 Kd6 34. Ke2 Ke5 35. Kf3 f5 36. Nd2 fxe4+ 37. Nxe4 Kf5 38. Nd6+ Kg5 39. Nf7+ Kxh5 40. Nxh6 Kxh6 41. Ke4 Bc7 42. b4 Kg6 43. a4 Kf6 44. b5 axb5 45. axb5 Ke7 46. Kd4 Kd6 47. Kc4 e5 48. Kd3 Kc5 49. b6 Bxb6 50. Ke4 Kd6 0-1

[Event "Porto Alegre Oncosinos op"]
[Site "Porto Alegre"]
[Date "2015.09.05"]
[Round "3"]
[White "Teixeira, Guilherme Vargas"]
[Black "Uema, Guilherme Palacios"]
[Result "1-0"]
[WhiteElo "1715"]
[BlackElo "1800"]
[PlyCount "113"]
[EventDate "2015.09.04"]
[EventType "swiss"]
[EventRounds "7"]
[EventCountry "BRA"]
[SourceTitle "EXT 2016"]
[Source "ChessBase"]
[SourceDate "2015.10.08"]
[SourceVersion "1"]
[SourceVersionDate "2015.10.08"]
[SourceQuality "1"]

1. d4 Nf6 2. c4 e6 3. Nc3 Bb4 4. e3 Bxc3+ 5. bxc3 c5 6. Bd3 0-0 7. Nf3 d6 8. 0-0 b6 9. Qe2 Bb7 10. e4 Nbd7 11. Bg5 Qc7 12. Nd2 Rfe8 13. f4 e5 14. fxe5 dxe5 15. d5 Qd6 16. Rf3 Nh5 17. Raf1 f6 18. Be3 Bc8 19. Rh3 Nf4 20. Bxf4 Nf8 21. Rh4 exf4 22. Rhxf4 Ng6 23. R4f2 Ne5 24. h3 Nf7 25. Bc2 Ng5 26. Qd3 Re5 27. h4 Nf7 28. Qg3 Kh8 29. Qh2 Bd7 30. Nf3 Rh5 31. Qxd6 Nxd6 32. e5 Nxc4 33. e6 Bb5 34. Ng5 Rxh4 35. Nf7+ Kg8 36. Re1 Be8 37. d6 Bxf7 38. exf7+ Kxf7 39. Re7+ Kf8 40. Rd7 Ne5 41. Rc7 Rd8 42. Rd2 Nc4 43. Re2 Nxd6 44. Ree7 Re8 45. Rxg7 Rh5 46. Bb3 c4 47. Bxc4 Re1+ 48. Kf2 Nxc4 49. Kxe1 a5 50. Rxh7 Rxh7 51. Rxh7 Ne5 52. Rb7 Nc4 53. Ke2 Ke8 54. Kd3 Ne5+ 55. Ke4 Nd7 56. Kd5 Kd8 57. Kd6 1-0